00281nam a2200097Ia 4500008004100000041000800041100002800049245005200077260003500129999001900164241105s9999 xx 000 0 und d aeng aShirsath Shreya9182599 aIntegrated Bus Terminus For Msrtc At Ahmednagar bFinal Year B. Arch, BNCAc2014 c360890d360890